WORKSHOP TECHNOLOGY-II MACHINE TOOLS (Record no. 740719)

MARC details
000 -LEADER
fixed length control field 00258nam a2200097Ia 4500
008 - FIXED-LENGTH DATA ELEMENTS--GENERAL INFORMATION
fixed length control field 230508s2002 xx 000 0 und d
041 ## - LANGUAGE CODE
Language code of text/sound track or separate title eng
100 ## - MAIN ENTRY--PERSONAL NAME
Personal name HAJRA CHAUDHARY
245 ## - TITLE STATEMENT
Title WORKSHOP TECHNOLOGY-II MACHINE TOOLS
260 ## - PUBLICATION, DISTRIBUTION, ETC.
Name of publisher, distributor, etc. MEDIA PROMOTERS & PU
Date of publication, distribution, etc. 2002

No items available.